000 00829nam a2200241 a 4500
001 000002248
005 20250430073846.0
008 090701s2008 dr 000 0 spa d
020 _a9789945162431
040 _aDO-SdBNP
_bspa
_cBNPHU
082 _a158.1
_bP762r
245 0 0 _aPolaris :
_breflexiones sobre temas humanos.
260 _aSanto Domingo :
_bPolaris,
_c2008.
300 _a111 p. ;
_c22 cm.
500 _aTemas reproducidos del "Blog" www.relexionesdesdepolaris.blogspot.com
500 _aIncluye notas de reflección al pie de las páginas
500 _aEpílogo (p. 109)
650 4 _aTécnicas de autoayuda
_9387
650 4 _aReflexiones (filosofía)
_95464
650 0 _aAutorrealización (Psicología)
_9211
650 4 _aAutopercepción (filosofía)
_97168
910 _aValidado. Control de calidad BNPHU
999 _c2094
_d2094